| 000 | 00387nam a22001697a 4500 | ||
|---|---|---|---|
| 003 | OSt | ||
| 005 | 20210920153109.0 | ||
| 008 | 210920b |||||||| |||| 00| 0 eng d | ||
| 020 | _chu | ||
| 040 | _chu | ||
| 082 | _2111/sea | ||
| 100 |
_ajohn r .searle _95207 |
||
| 245 | _athe constrution of social reality | ||
| 260 |
_anew york _bahll _c1995 |
||
| 300 | _a241 | ||
| 942 |
_2ddc _cBOOKS _n0 |
||
| 999 |
_c5157 _d5157 |
||